SPSS for Windows (Record no. 5851)

MARC details
000 -LEADER
fixed length control field 00477cmm a2200157 a 4500
020 ## - INTERNATIONAL STANDARD BOOK NUMBER
ISBN 0131823388 (manual)
050 00 - CALL NUMBER
Classification number HA32
245 00 - TITLE
Title SPSS for Windows
Remainder of title SPSS base system for Windows.
250 ## - EDITION
Edition statement V6.1.
260 ## - PUBLICATION INFORMATION
Place of publication Chicago, IL :
Name of publisher SPSS,
Year of publication c1994.
300 ## - DESCRIPTION
Number of Pages 7 computer disks ;
Dimensions 3 1/2 in. +
Accompanying material 1 SPSS 6.1 for Windows update manual (x, 148 p.)
500 ## - NOTES
General note Title from disk label.
650 #0 - SUBJECTS
Topical Term Social sciences
General subdivision Statistical methods
710 2# - OTHER AUTHORS
OTHER AUTHORS SPSS, Inc.
942 ## - ADDED ENTRY ELEMENTS (KOHA)
Koha item type Books
Holdings
Withdrawn status Lost status Collection code Home library Current library Shelving location Date acquired Full call number Accession Number Koha item type
    Reference Methodist University Library Main Methodist University Library Main General Stacks   HA32 16401 Books
Copyright © 2026  MUG Library